[Event "BCF-chT3N 1617 (4NCL)"]
[Site "England"]
[Date "2017.03.18"]
[Round "7.33"]
[White "McDonagh, Michael"]
[Black "Gelip, Ioana"]
[Result "0-1"]
[WhiteElo "1904"]
[BlackElo "2191"]
[PlyCount "130"]
[EventDate "2016.11.26"]
[EventType "team-swiss"]
[EventRounds "11"]
[EventCountry "ENG"]
[SourceTitle "EXT 2019"]
[Source "ChessBase"]
[SourceDate "2018.10.10"]
[SourceVersion "1"]
[SourceVersionDate "2018.10.10"]
[SourceQuality "1"]
[WhiteTeam "Spirit of Atticus II"]
[BlackTeam "Gonzaga"]
[WhiteTeamCountry "ENG"]
[BlackTeamCountry "IRL"]

1. c4 e5 2. Nc3 Nc6 3. Nf3 d6 4. d4 exd4 5. Nxd4 Nxd4 6. Qxd4 Qf6 7. Qd3 Bd7 8. Nd5 Qd8 9. g3 Ne7 10. Bg5 h6 11. Bf6 c6 12. Bxe7 Bxe7 13. Nxe7 Qa5+ 14. Qd2 Qxd2+ 15. Kxd2 Kxe7 16. Bg2 Be6 17. Rac1 Rhd8 18. e4 a5 19. Rhe1 Ra6 20. Re3 Rb6 21. Rb3 Rxb3 22. axb3 Ra8 23. Ra1 Kd7 24. f4 f6 25. b4 Bxc4 26. Bh3+ Kc7 27. bxa5 Re8 28. Kc3 Bf7 29. Bg2 Bg6 30. Re1 Bf7 31. b4 Bd5 32. Kd4 f5 33. Re3 fxe4 34. Bxe4 Bxe4 35. Rxe4 c5+ 36. bxc5 dxc5+ 37. Kd5 Rxe4 38. Kxe4 Kc6 39. g4 Kb5 40. g5 hxg5 41. fxg5 Kb4 42. h4 c4 43. h5 c3 44. Kd3 Kb3 45. h6 gxh6 46. gxh6 c2 47. h7 c1Q 48. h8Q Qd1+ 49. Ke3 Qe1+ 50. Kd3 Qxa5 51. Qg8+ Ka3 52. Qc8 Qd5+ 53. Kc3 Qb3+ 54. Kd2 b5 55. Qa6+ Qa4 56. Qf6 Qb4+ 57. Kc2 Qc4+ 58. Kb1 Qe4+ 59. Kc1 Qe1+ 60. Kc2 Qe2+ 61. Kc1 Kb3 62. Qf7+ Qc4+ 63. Qxc4+ bxc4 64. Kb1 c3 65. Ka1 Kc2 0-1

[Event "Bunratty Masters op 24th"]
[Site "Bunratty"]
[Date "2017.02.19"]
[Round "5"]
[White "Gheorghiu, Calin"]
[Black "Gelip, Ioana"]
[Result "1/2-1/2"]
[WhiteElo "2312"]
[BlackElo "2202"]
[PlyCount "26"]
[EventDate "2017.02.17"]
[EventType "swiss"]
[EventRounds "6"]
[EventCountry "IRL"]
[SourceTitle "EXT 2018"]
[Source "ChessBase"]
[SourceDate "2017.10.13"]
[SourceVersion "1"]
[SourceVersionDate "2017.10.13"]
[SourceQuality "1"]

1. d4 Nf6 2. c4 e6 3. Nc3 Bb4 4. e3 0-0 5. Nge2 d5 6. a3 Bd6 7. Ng3 c6 8. cxd5 cxd5 9. Bd3 Nc6 10. 0-0 b6 11. Bc2 Ba6 12. Re1 Rc8 13. f4 Na5 1/2-1/2

[Event "Bunratty Masters op 24th"]
[Site "Bunratty"]
[Date "2017.02.17"]
[Round "1"]
[White "Fox, Anthony"]
[Black "Gelip, Ioana"]
[Result "0-1"]
[WhiteElo "1969"]
[BlackElo "2202"]
[PlyCount "106"]
[EventDate "2017.02.17"]
[EventType "swiss"]
[EventRounds "6"]
[EventCountry "IRL"]
[SourceTitle "EXT 2018"]
[Source "ChessBase"]
[SourceDate "2017.10.13"]
[SourceVersion "1"]
[SourceVersionDate "2017.10.13"]
[SourceQuality "1"]

1. e4 e6 2. d4 d5 3. exd5 exd5 4. Nf3 Bg4 5. Bd3 Bd6 6. 0-0 Nc6 7. Re1+ Nge7 8. c3 Qd7 9. Nbd2 0-0-0 10. b4 Ng6 11. Qa4 Kb8 12. b5 Nce7 13. Ne5 Nxe5 14. dxe5 Bc5 15. Nb3 Bb6 16. Be3 Bxe3 17. Rxe3 Bf5 18. Nd4 Bxd3 19. Rxd3 Nc8 20. Re1 Nb6 21. Qb4 Rhe8 22. a4 Qe7 23. Qb3 Nc4 24. f4 Ka8 25. Nf5 Qc5+ 26. Nd4 h6 27. Qb4 Qxb4 28. cxb4 Nb2 29. Ra3 g5 30. fxg5 hxg5 31. a5 Nc4 32. Rg3 Nxe5 33. Rxg5 Nd3 34. Rxe8 Rxe8 35. h4 Nxb4 36. h5 c5 37. bxc6 bxc6 38. h6 Rh8 39. Rg7 Rxh6 40. Rxf7 c5 41. Nb5 a6 42. Nc3 d4 43. Na4 Rc6 44. Nb6+ Kb8 45. Nc4 d3 46. Kf2 Re6 47. Kf3 Re1 48. Rd7 Rc1 49. Nd2 c4 50. Rd4 Nc6 51. Rd5 c3 52. Nb3 Rb1 53. Nc5 d2 0-1

[Event "PRO League Stage"]
[Site "Chess.com INT"]
[Date "2017.02.11"]
[Round "5"]
[White "Margvelashvili, Giorgi"]
[Black "Gelip, Ioana"]
[Result "1-0"]
[WhiteElo "2530"]
[BlackElo "2187"]
[PlyCount "59"]
[EventDate "2017.01.11"]
[EventType "team-swiss (rapid)"]
[EventRounds "7"]
[EventCountry "USA"]
[SourceTitle "CBM 176 Extra"]
[Source "ChessBase"]
[SourceDate "2017.03.02"]
[SourceVersion "1"]
[SourceVersionDate "2017.03.02"]
[SourceQuality "1"]
[WhiteTeam "Seattle Sluggers"]
[BlackTeam "Dublin Desperados"]
[WhiteTeamCountry "USA"]
[BlackTeamCountry "IRQ"]

1. Nf3 Nf6 2. c4 e6 3. Nc3 b6 4. e4 d6 5. d4 Bb7 6. Bd3 c5 7. d5 e5 8. Be3 Be7 9. Nd2 Nbd7 10. g3 Nf8 11. f4 exf4 12. gxf4 Ng6 13. Qe2 h5 14. 0-0-0 Ng4 15. e5 dxe5 16. Bxg6 fxg6 17. fxe5 Nxe5 18. Bf4 Nf7 19. Rhe1 Kf8 20. Nb5 Qd7 21. Nc7 g5 22. Ne6+ Kg8 23. Be3 Re8 24. Ne4 g4 25. Qc2 Nd8 26. Nf4 Qf5 27. Bd2 Bh4 28. Nf6+ Qxf6 29. Rxe8+ Kf7 30. Rxh8 1-0

[Event "Dublin Masters"]
[Site "Dublin"]
[Date "2016.09.09"]
[Round "1"]
[White "Gelip, Ioana"]
[Black "Reynolds, Pat"]
[Result "1-0"]
[WhiteElo "2185"]
[BlackElo "1920"]
[PlyCount "109"]
[EventDate "2016.09.08"]
[EventType "swiss"]
[EventRounds "5"]
[EventCountry "IRL"]
[SourceTitle "EXT 2023"]
[Source "ChessBase"]
[SourceDate "2022.10.05"]
[SourceVersion "1"]
[SourceVersionDate "2022.10.05"]
[SourceQuality "1"]

1. e4 c5 2. Nf3 Nc6 3. d4 cxd4 4. Nxd4 e6 5. Nc3 Qc7 6. Be3 a6 7. Be2 Nf6 8. a3 Ne5 9. 0-0 b5 10. Bf4 d6 11. Nf3 Be7 12. Bg3 Bb7 13. Qd4 Nfd7 14. Rfd1 0-0 15. a4 Nc6 16. Bxd6 Nxd4 17. Bxc7 Nxe2+ 18. Nxe2 Nf6 19. e5 Nd5 20. Ba5 Rac8 21. Nfd4 b4 22. c3 Bc5 23. Nb3 bxc3 24. Nxc3 Ba7 25. Nd4 Rc4 26. Nxd5 Bxd5 27. Bc3 Rfc8 28. Nc2 Rg4 29. Ne1 h5 30. h3 Re4 31. Rd2 Bb8 32. Nf3 Rec4 33. Ne1 Re4 34. f3 Ba7+ 35. Kh2 Rec4 36. Nd3 h4 37. Nb4 Bb7 38. Rd7 R8c7 39. Rad1 Be3 40. R7d6 Bf4+ 41. Kg1 a5 42. Nd3 Be3+ 43. Kf1 Rxa4 44. Ke2 Bg5 45. Ne1 Bd5 46. Rb6 Be7 47. Nc2 Bc5 48. Rb8+ Kh7 49. Ke1 Bc6 50. Rdd8 Bb7 51. Kd1 Bb4 52. Rh8+ Kg6 53. Rxh4 Ra2 54. Rbh8 Kf5 55. Ne3+ 1-0

[Event "Bunratty Masters op 23rd"]
[Site "Bunratty"]
[Date "2016.02.21"]
[Round "5"]
[White "Cafolla, Peter"]
[Black "Gelip, Ioana"]
[Result "0-1"]
[WhiteElo "1990"]
[BlackElo "2132"]
[PlyCount "82"]
[EventDate "2016.02.19"]
[EventType "swiss"]
[EventRounds "6"]
[EventCountry "IRL"]
[SourceTitle "EXT 2017"]
[Source "ChessBase"]
[SourceDate "2016.10.25"]
[SourceVersion "1"]
[SourceVersionDate "2016.10.25"]
[SourceQuality "1"]

1. e4 e6 2. d4 d5 3. e5 c5 4. c3 Bd7 5. Nf3 Nc6 6. a3 cxd4 7. cxd4 b5 8. Be2 Nge7 9. 0-0 Nf5 10. b4 Qb6 11. Bb2 a5 12. g4 Nh6 13. bxa5 Nxa5 14. Nfd2 Be7 15. Nb3 Nc4 16. Bc1 Ng8 17. Qd3 f6 18. exf6 Nxf6 19. Bd1 0-0 20. Bc2 Be8 21. Qe2 b4 22. Nc5 e5 23. Bd3 Bb5 24. g5 Ne8 25. a4 Bxc5 26. dxc5 Qxc5 27. Nd2 Nxd2 28. Bxd2 Bxd3 29. Qxd3 Nd6 30. Qb3 Rf5 31. Rac1 Nc4 32. Be3 Qe7 33. Rxc4 dxc4 34. Qxc4+ Kh8 35. Ra1 Raf8 36. a5 Rf3 37. Qe4 b3 38. Rb1 Qe6 39. Qb4 Qf5 40. Rxb3 Rxe3 41. Rxe3 Qxf2+ 0-1

[Event "Wch U20 Girls 33rd"]
[Site "Khanty-Mansiysk"]
[Date "2015.09.12"]
[Round "10"]
[White "Thomas, Anysia"]
[Black "Gelip, Ioana"]
[Result "1-0"]
[WhiteElo "2035"]
[BlackElo "2139"]
[PlyCount "59"]
[EventDate "2015.09.02"]
[EventType "swiss"]
[EventRounds "13"]
[EventCountry "RUS"]
[SourceTitle "EXT 2016"]
[Source "ChessBase"]
[SourceDate "2015.10.08"]
[SourceVersion "1"]
[SourceVersionDate "2015.10.08"]
[SourceQuality "1"]

1. d4 Nf6 2. Nf3 e6 3. c4 Bb4+ 4. Nbd2 b6 5. g3 Bb7 6. Bg2 0-0 7. 0-0 c5 8. dxc5 Bxc5 9. a3 d5 10. b4 Be7 11. Nd4 Nc6 12. Nxc6 Bxc6 13. Bb2 Rc8 14. cxd5 Bxd5 15. e4 Bb7 16. Re1 Qd7 17. e5 Nd5 18. Ne4 a5 19. Qg4 Kh8 20. Rad1 Rc2 21. Ba1 Qc7 22. Nd6 axb4 23. axb4 Ba8 24. Be4 Ra2 25. Rc1 Qd7 26. Red1 Rxa1 27. Rxa1 f5 28. exf6 Bxd6 29. Bxd5 Bxd5 30. Rxd5 1-0

[Event "Wch U20 Girls 33rd"]
[Site "Khanty-Mansiysk"]
[Date "2015.09.11"]
[Round "9"]
[White "Gelip, Ioana"]
[Black "Ivanova, Karina"]
[Result "1/2-1/2"]
[WhiteElo "2139"]
[BlackElo "2177"]
[PlyCount "128"]
[EventDate "2015.09.02"]
[EventType "swiss"]
[EventRounds "13"]
[EventCountry "RUS"]
[SourceTitle "EXT 2016"]
[Source "ChessBase"]
[SourceDate "2015.10.08"]
[SourceVersion "1"]
[SourceVersionDate "2015.10.08"]
[SourceQuality "1"]

1. e4 d6 2. d4 Nf6 3. Nc3 e5 4. Nf3 Nbd7 5. Bc4 Be7 6. 0-0 0-0 7. h3 c6 8. a4 b6 9. Re1 a6 10. Bg5 Bb7 11. Ba2 b5 12. d5 b4 13. dxc6 Bxc6 14. Nd5 Bxd5 15. Bxf6 Bxa2 16. Bxe7 Qxe7 17. Rxa2 Qe6 18. Ra1 Nc5 19. Qd2 a5 20. b3 Rfd8 21. Rad1 Rac8 22. Re2 f6 23. Qd5 Kf7 24. Nh4 Qxd5 25. Rxd5 g6 26. Kf1 Ke6 27. f3 f5 28. Rd1 fxe4 29. fxe4 Nd7 30. Nf3 Nf6 31. Rc1 Nh5 32. Kf2 Rf8 33. Kg1 Nf4 34. Re3 Rc3 35. Rxc3 Ne2+ 36. Kf2 Nxc3 37. Ke3 h6 38. Rf1 Rf6 39. Kd3 d5 40. exd5+ Kxd5 41. Nd2 Rxf1 42. Nxf1 e4+ 43. Ke3 Ke5 44. Nd2 Nd5+ 45. Ke2 Kd4 46. Nc4 Kc3 47. g3 Kxc2 48. Nxa5 Kc3 49. h4 h5 50. Kf2 Kc2 51. Ke2 e3 52. Ke1 Nc3 53. Nc6 Kxb3 54. a5 Kc4 55. a6 Nb5 56. Ke2 Kc5 57. Nxb4 Kxb4 58. Kxe3 Ka5 59. Kf4 Kxa6 60. Kg5 Nd6 61. Kxg6 Ne4 62. Kxh5 Nxg3+ 63. Kg4 Ne4 64. Kf4 Nf6 1/2-1/2

[Event "Wch U20 Girls 33rd"]
[Site "Khanty-Mansiysk"]
[Date "2015.09.08"]
[Round "7"]
[White "Gelip, Ioana"]
[Black "Osmanodja, Filiz"]
[Result "0-1"]
[WhiteElo "2139"]
[BlackElo "2309"]
[PlyCount "62"]
[EventDate "2015.09.02"]
[EventType "swiss"]
[EventRounds "13"]
[EventCountry "RUS"]
[SourceTitle "EXT 2016"]
[Source "ChessBase"]
[SourceDate "2015.10.08"]
[SourceVersion "1"]
[SourceVersionDate "2015.10.08"]
[SourceQuality "1"]

1. e4 c5 2. Nf3 d6 3. d4 Nf6 4. Nc3 cxd4 5. Nxd4 g6 6. Be3 Bg7 7. f3 0-0 8. Bc4 Nc6 9. Qd2 Bd7 10. 0-0-0 Rc8 11. Bb3 Ne5 12. Kb1 Nc4 13. Bxc4 Rxc4 14. g4 Qb8 15. g5 Nh5 16. Nde2 Rfc8 17. Rc1 Ba4 18. Bd4 Bxd4 19. Nxd4 Nf4 20. Qxf4 e5 21. Qh4 Rxc3 22. bxc3 exd4 23. cxd4 Rc3 24. Qe1 Qc7 25. Kb2 Rxf3 26. c3 Bb5 27. Rc2 Qa5 28. Ka1 Bd3 29. Rf2 Bc4 30. Rg1 Qa3 31. Rg3 Rxf2 0-1

[Event "BCF-ch Week2 AM op"]
[Site "Coventry"]
[Date "2015.08.06"]
[Round "4"]
[White "Gelip, Ioana"]
[Black "Crocker, Philip J"]
[Result "1/2-1/2"]
[WhiteElo "2155"]
[BlackElo "2216"]
[PlyCount "43"]
[EventDate "2015.08.03"]
[EventType "swiss"]
[EventRounds "5"]
[EventCountry "ENG"]
[SourceTitle "CBM 167 Extra"]
[Source "ChessBase"]
[SourceDate "2015.09.14"]
[SourceVersion "1"]
[SourceVersionDate "2015.09.14"]
[SourceQuality "1"]

1. e4 Nf6 2. e5 Nd5 3. d4 d6 4. c4 Nb6 5. exd6 cxd6 6. Nc3 g6 7. Be3 Bg7 8. Rc1 0-0 9. b3 f5 10. g3 Nc6 11. d5 Ne5 12. Bg2 Nbd7 13. Nh3 Nc5 14. 0-0 Qa5 15. Nf4 Nxc4 16. bxc4 Bxc3 17. h4 Bf6 18. Bd4 Bd7 19. Bxf6 Rxf6 20. Re1 Re8 21. Qd4 Rf7 22. Re2 1/2-1/2

[Event "BCF-ch Week2 PM op"]
[Site "Coventry"]
[Date "2015.08.05"]
[Round "3"]
[White "Blake, J Morgan"]
[Black "Gelip, Ioana"]
[Result "0-1"]
[WhiteElo "1712"]
[BlackElo "2155"]
[PlyCount "48"]
[EventDate "2015.08.03"]
[EventType "swiss"]
[EventRounds "5"]
[EventCountry "ENG"]
[SourceTitle "CBM 167 Extra"]
[Source "ChessBase"]
[SourceDate "2015.09.14"]
[SourceVersion "1"]
[SourceVersionDate "2015.09.14"]
[SourceQuality "1"]

1. e4 e6 2. d4 d5 3. Nc3 Nf6 4. Bg5 Bb4 5. e5 h6 6. Be3 Ne4 7. Nge2 c5 8. a3 Nxc3 9. bxc3 cxd4 10. cxb4 dxe3 11. f4 Nc6 12. Nd4 0-0 13. Bb5 Qb6 14. Bxc6 bxc6 15. Nb3 f6 16. Qh5 a5 17. bxa5 Rxa5 18. 0-0 Rxa3 19. Kh1 e2 20. Qxe2 Ba6 21. Qg4 Bxf1 22. Qxe6+ Kh8 23. Rxa3 Qf2 24. Qg4 Be2 0-1

[Event "Wroclaw op-A 10th"]
[Site "Wroclaw"]
[Date "2015.07.09"]
[Round "9"]
[White "Gelip, Ioana"]
[Black "Praczukowski, Stanislaw"]
[Result "1-0"]
[WhiteElo "2155"]
[BlackElo "2037"]
[PlyCount "65"]
[EventDate "2015.07.03"]
[EventType "swiss"]
[EventRounds "9"]
[EventCountry "POL"]
[SourceTitle "CBM 167 Extra"]
[Source "ChessBase"]
[SourceDate "2015.09.14"]
[SourceVersion "1"]
[SourceVersionDate "2015.09.14"]
[SourceQuality "1"]

1. e4 c5 2. Nf3 d6 3. d4 cxd4 4. Nxd4 Nf6 5. Nc3 g6 6. Be3 Bg7 7. f3 0-0 8. Bc4 Nc6 9. Qd2 Bd7 10. Bb3 Rc8 11. 0-0-0 Ne5 12. h4 h5 13. g4 hxg4 14. h5 Nxh5 15. Rdg1 Qa5 16. Kb1 Rfe8 17. fxg4 Nxg4 18. Nf5 Nxe3 19. Rxg6 Bxf5 20. Rxh5 Qxc3 21. bxc3 Bxg6 22. Rg5 Nc4 23. Bxc4 Rxc4 24. Rxg6 Rc5 25. Rg1 Rh5 26. Qd4 Re5 27. Rg3 f6 28. Qg1 Rg5 29. Rxg5 fxg5 30. Qxg5 Kf8 31. Kb2 Bf6 32. Qf5 Rd8 33. Kb3 1-0